00820nac a22002171u 4500020002200000082002000022090001500042100003400057245005400091260006300145300003400208500002700242500004400269504005100313650001800364650002800382650002300410942002200433999001500455952013200470 a0131911341 (pbk.) a621.38275bK813 c1381d1381 aKolimbiris, Harold.  aFiber optics communications /cHarold Kolimbiris. aUpper Saddle River, N.J. :bPearson/Prentice Hall,cc2004. axiv, 649 p. :bill. ;c29 cm. aInternational edition. aOne CD_ROM in wallet tipped-in at back. aIncludes bibliographical references and index. aFiber optics. aOptical communications. aOptical detectors. cBBk621.38275K813 c1381d1381 00102ddc40708 aMAINbMAINc1STd2006-09-06epurchaseg325.00l0o621.38275 KOLp000003073r2025-07-15 00:00:00v406.25yBB